00283 a2200133 450000100060000002000180000604000220002410000220004624000230006824500180009130000080010936200090011765000230012657841 a9788516055684 cAnchieta - Pituba aWilce, Ysabeau S.10aFlora segundalpor10aFlora segunda a4460 a2007 4aLiteratura juvenil